| 000 | 01148cam a22003015a 4500 | ||
|---|---|---|---|
| 999 |
_c13872 _d13872 |
||
| 003 | EG-ScBUE | ||
| 005 | 20200115092110.0 | ||
| 008 | 100413s1998 le f 0000pp ara d | ||
| 040 |
_aEG- ScBUE _bara _erda _cEG- ScBUE _dEG- ScBUE |
||
| 043 | _aa-le--- | ||
| 082 | 0 | 4 |
_a892.717095692 _bق ا ر _222 |
| 100 | 1 |
_aقاري، أمين، _eمؤلف. _913457 |
|
| 245 | 1 | 0 |
_aروائع الزجل اللبناني / _cإعداد أمين القاري ؛ قدم له الدكتور إميل يعقوب. |
| 250 | _aالطبعة الأولى. | ||
| 264 | 1 |
_aطرابلس، لبنان : _bجروس برس، _c1998. |
|
| 300 |
_a520 صفحة. _c23 سم |
||
| 336 |
_2rdacontent _aنص _btxt |
||
| 337 |
_2rdamedia _aبدون وسيط _bn |
||
| 338 |
_2rdacarrier _aمجلد _bnc |
||
| 590 | _aAbdullah Samir | ||
| 650 | 7 |
_aالزجل _xدواوين و قصائد _zلبنان. _2BUEsh _913455 |
|
| 650 | 7 |
_aالشعر العربي _xدواوين و قصائد _zلبنان. _2BUEsh _913456 |
|
| 651 | _2BUEsh | ||
| 653 |
_bGGEN _cJanuary2020 |
||
| 655 | _vReading book | ||
| 700 | 1 |
_aيعقوب، إميل بديع، _d1950- _eمقدم. |
|
| 942 |
_2ddc _cBB |
||